Independent Comics - Statistics

General Stats
  • This quiz has been taken 14 times
  • The average score is 11 of 20
Answer Stats
Hint Answer % Correct
Four cool reptiles eat pizza and fight ninjas. Teenage Mutant Ninja Turtles
100%
Red demon works for the good guys fighting supernatural threats. Hellboy
91%
Former soldier makes a deal with the devil and becomes a vengeful superhero with a cool cape and chains. Spawn
91%
Young superhero gains powers but learns his mustached dad secretly wants to take over the world. Invincible
82%
Group of uneasy allies try to survive the zombie apocalypse in the American South. The Walking Dead
82%
Small but fierce band of Spartan warriors confronts the entire Persian army. 300
73%
Brilliant teenager discovers a notebook that can kill people and begins a cat-and-mouse game with an Interpol agent. Death Note
73%
Hero is powerful enough to defeat any of his enemies with a single blow. Bored, he searches for new challenges. One-Punch Man
73%
Jewish writer interviews his father about his experiences during the Holocaust. Also, they are mice. Maus
64%
Team of mercenaries must keep the world's sociopathic, hedonistic superheroes under control by killing the ones who go too far. The Boys
64%
Iranian woman tells her story of growing up during the Islamic Revolution and leaving for the West. Persepolis
55%
Aardvark warrior swashbuckles through a medieval land in search of battles and drinking money. Cerebus
36%
Comic creator teaches you the nuances of reading comics. Understanding Comics
36%
Terrifying events involving mysterious spirals strike a small Japanese town. Uzumaki
36%
Actor is the last surviving man after a mysterious affliction wipes out all males on Earth. He is accompanied by a monkey. Y: The Last Man
36%
Young boy survives the Hiroshima bombing and endures many challenges in the aftermath. Barefoot Gen
27%
Team of superheroes trapped on a small, mysterious farm tries to figure out why they are there and how they can leave. Black Hammer
18%
Two lovers from opposite armies in a galactic war negotiate parenthood while running from would-be assassins. Saga
18%
Martial artist gains the power to shoot flames from his fists but finds himself in a war between two ninja factions. Fire Power
9%
Young woman tries to prevent Lovecraftian old gods from returning to her world as war breaks out between humans and arcanics. Monstress
0%
No matching quizzes found
Score Distribution
Percent of People with Each Score
Percentile by Number Answered
Your Score History
You have not taken this quiz